Tilastot visalle Euroopan valtiot minuutissa

Klikkaa tästä pelataksesi tätä visaa!

Yleistilastot

  • Tätä visaa on pelattu 16 939 kertaa
  • Keskiarvotulos 25 / 45

Vastaukset kartalla

Vastauksille on annettu kartalla punavihreä väri sen mukaan, kuinka moni on saanut sen oikein.
Ladataan ...
 

Vastaustilastot

Valtio% Oikein
Suomi
99%
Ruotsi
97%
Norja
96%
Saksa
90%
Ranska
89%
Islanti
88%
Espanja
86%
Viro
85%
Latvia
84%
Liettua
83%
Tanska
82%
Irlanti
82%
Italia
80%
Venäjä
79%
Puola
79%
Portugali
73%
Yhdistynyt kuningaskunta
69%
Ukraina
65%
Belgia
62%
Alankomaat
61%
Valko-Venäjä
53%
Kreikka
53%
Unkari
46%
Sveitsi
46%
Tšekki
45%
Romania
43%
Itävalta
41%
Slovakia
41%
Slovenia
35%
Andorra
34%
Bulgaria
34%
Vatikaanivaltio
33%
Monaco
32%
Malta
31%
Kroatia
30%
Moldova
30%
Serbia
29%
San Marino
29%
Luxemburg
28%
Kosovo
26%
Albania
26%
Bosnia ja Hertsegovina
22%
Liechtenstein
18%
Montenegro
17%
Pohjois-Makedonia
16%

Tulosjakauma

Persentiili vastausten määrän mukaan

Jokaisen tuloksen saaneiden osuus

Tuloshistoriasi

Et ole pelannut tätä visaa